| 000 | 00770nam a2200229 i 4500 | ||
|---|---|---|---|
| 001 | 190659 | ||
| 003 | ES-MaACL | ||
| 005 | 20240129153131.0 | ||
| 008 | 220311s2018 xxu 000 f spa d | ||
| 020 | _a9781984377609 | ||
| 080 | _a821.134.2-31"20" | ||
| 100 | 1 |
_aCastillo Morales, Jorge del. _9174045 |
|
| 245 | 1 | 0 |
_aTiempos de ciudad / _cJorge del Castillo Morales. |
| 250 | _a1ª ed. | ||
| 260 |
_a[Madrid : _bJ. del Castillo Morales], _c2018 ( _eUSA) |
||
| 300 |
_a198 p. ; _c23 cm. |
||
| 852 | 4 |
_aES-MaACL _jA-14930 _9197839 _bR.152266 _cDEPO1 _dOlim: N-7930 _hDonación: Jorge del Catillo Morales |
|
| 903 |
_9174045 _aCastillo Morales, Jorge del _ednr |
||
| 942 |
_2udc _cMONOGRAFIA |
||
| 999 |
_c190659 _d190659 |
||